000
00288nam a2200109 4500
999
_c
12441
_d
12441
008
190125b ||||| |||| 00| 0 eng d
245
_a
A legacy of good eating.
260
_a
Philippines
_b
Manila Bulletin
_c
c2018
300
_a
page C-2.
650
0
_9
35086
_a
Restaurants.
942
_2
ddc
_c
PER